000 00598cam a22002291 4500
001 6572342
005 20180209041501.0
008 720607s1963 xx 000 0 eng
010 _a 63011095
035 _a(OCoLC)326613
040 _aDLC
_cGACCLC
_dODaWU
_dNcRS
_dDLC
041 _aeng
042 _apremarc
080 _a342
082 _a342 WAR
100 1 _a19
101 _aSHP
245 1 0 _aModern political systems.
_cRoy C. Macridis and Robert E. Ward, editors.
504 _aIncludes bibliography.
906 _a7
_bcbc
_coclcrpl
_du
_encip
_f19
_gy-gencatlg
942 _2ddc
_cBK
999 _c42226
_d42226